Witamy w Bibliotece Naukowej Instytutu Łączności!

Pomiary wysokonapięciowe. Próby napięciem łączeniowym - PN-70/E-04067 / (Rekord nr 18896)

000 -LEADER
fixed length control field 00288 a2200097 4500
003 - CONTROL NUMBER IDENTIFIER
control field WA 310
005 - DATE AND TIME OF LATEST TRANSACTION
control field 20180131143640.0
008 - FIXED-LENGTH DATA ELEMENTS--GENERAL INFORMATION
fixed length control field 180131s1970 pl f u |000 0 pol d
040 ## - CATALOGING SOURCE
Original cataloging agency WA 310/bw
Transcribing agency WA 310/bw
245 00 - TITLE STATEMENT
Title Pomiary wysokonapięciowe. Próby napięciem łączeniowym - PN-70/E-04067 /
Statement of responsibility, etc Polski Komitet Normalizacyjny.
246 13 - VARYING FORM OF TITLE
Title proper/short title PN-70/E-04067
246 13 - VARYING FORM OF TITLE
Title proper/short title 621.317.3.027.3
260 ## - PUBLICATION, DISTRIBUTION, ETC. (IMPRINT)
Place of publication, distribution, etc Warszawa :
Name of publisher, distributor, etc PKN,
Date of publication, distribution, etc 1970.
300 ## - PHYSICAL DESCRIPTION
Extent 20 stron ;
Dimensions 30 cm.
650 ## - SUBJECT ADDED ENTRY--TOPICAL TERM
Topical term or geographic name as entry element Polska norma
710 ## - ADDED ENTRY--CORPORATE NAME
Corporate name or jurisdiction name as entry element Polska.
Subordinate unit Polski Komitet Normalizacyjny.
Relator term Instytucja sprawcza
-- Wydawca
Relator code pbl
9 (RLIN) 1107
942 ## - ADDED ENTRY ELEMENTS (KOHA)
Source of classification or shelving scheme
Koha item type Książki
Egzemplarze
Withdrawn status Lost status Source of classification or shelving scheme Damaged status Not for loan Permanent Location Current Location Shelving location Date acquired Inventory number Full call number Barcode Date last seen Price effective from Koha item type Public note
        Nie do wypożyczenia Instytut Łączności Instytut Łączności Księgozbiór Podręczny 2018-01-31 PN-70/E-04067 PN-70/E-04067 E-04067:1970 2018-01-31 2018-01-31 Książki print, wycofana

Działa dzięki Koha